[Event "Bundesliga 1718"]
[Site "Germany"]
[Date "2018.05.01"]
[Round "15.5"]
[White "Heimann, Andreas"]
[Black "Bok, Benjamin"]
[Result "1/2-1/2"]
[WhiteElo "2578"]
[BlackElo "2611"]
[Annotator "Bok,B"]
[PlyCount "53"]
[EventDate "2017.10.21"]
[EventType "team-tourn"]
[EventRounds "15"]
[EventCountry "GER"]
[SourceTitle "CBM 184"]
[Source "ChessBase"]
[SourceDate "2018.05.16"]
[SourceVersion "1"]
[SourceVersionDate "2018.05.16"]
[SourceQuality "1"]
[WhiteTeam "Deizisau"]
[BlackTeam "Solingen"]
[WhiteTeamCountry "GER"]
[BlackTeamCountry "GER"]

{This game was played in the 15th round of the 2017-18 Schachbundesliga.
Before the round my team SG Solingen and Baden-Baden were sharing the lead
with 25/28 match points. It was clear that we had to win this match and if
Baden-Baden also won, a tiebreak match for the title would await us.} 1. Nf3 d5
2. g3 {Andreas decided to go for the quiet Reti since this was game was played
at 10 AM and there was not a lot of time to prepare.} c6 3. Bg2 Bg4 4. h3 Bh5
5. c4 {One of the subtle move orders White has against the ...Bg4 system.} e6
6. O-O Be7 7. cxd5 cxd5 8. Qb3 Bxf3 {Generally I don't like to give up the
bishop pair but here it was difficult to find a convenient way to deal with
the threat to the b7-pawn.} ({The endgame after} 8... Qb6 9. Qxb6 axb6 10. d3
$14 {looks quite unpleasant.}) ({While after} 8... Qc7 {Black's queen is a bit
misplaced and White can develop some initiative, for example:} 9. d3 Nc6 10.
Bf4) 9. Bxf3 Qd7 10. d4 Nc6 11. e3 ({Perhaps it was better to play} 11. Qd3 {
since the queen is not ideally placed and ...Na5 can always be annoying.
Nevertheless, Black is very solid and his position should be fine.} Nf6 12. Nc3
O-O $11) 11... Nf6 12. Nc3 O-O 13. Bd2 $6 {Now I have the opportunity to
activate my knight with the gain of tempo.} Na5 14. Qc2 (14. Qa4 Qxa4 15. Nxa4
Nc4 16. Bc3 Rfc8 $11 {is also be fine for Black.}) 14... Nc4 15. Bc1 Rac8 16.
b3 Bb4 {There is nothing wrong with this move,} ({but it was also possible to
continue quietly with} 16... Nd6 17. Qd3 Rc6 18. Bb2 Rfc8 {and the activity of
Black's pieces compensates for White's bishop pair.}) 17. bxc4 Rxc4 18. Bd2
Bxc3 19. Bxc3 Rfc8 20. Rfc1 Qc6 (20... Rxc3 {should also be fine, but I found
it difficult to evaluate the resulting positions and thought White's rooks
should guarantee him no risk.} 21. Qxc3 Rxc3 22. Rxc3 g6 $11) 21. Rab1 b5 ({
Of course not} 21... Rxc3 $2 22. Qxc3 Qxc3 23. Rxc3 Rxc3 24. Rxb7 {when I
first would have to create some space for my king} g6 {and White would gobble
up the a7-pawn.} 25. Rxa7 $16) 22. Qb2 ({The point of 21...b5 is that White
cannot protect his bishop on c3 since} 22. Rb3 $2 {runs into} b4 $17) 22...
Rxc3 23. Rxc3 Qxc3 24. Qxb5 (24. Qxc3 {is also fine for Black.} Rxc3 25. Rxb5
Kf8 26. Ra5 (26. Rb8+ Ne8) 26... Rc7 $11) 24... g6 25. Kg2 Kg7 26. Qa6 Qc2 27.
Re1 {I could have played on here with a move like 27...Rc7, but I did not
really see how to be better. Besides the team was already leading by this
point. We went on to win this match 5.5-2.5 and on the 24th of May a tiebreak
match against Baden-Baden awaits us!} 1/2-1/2

[Event "Porz op 28th"]
[Site "Cologne"]
[Date "1992.??.??"]
[Round "9"]
[White "Movsziszian, Karen"]
[Black "Vatter, Hans Joachim"]
[Result "1-0"]
[WhiteElo "2435"]
[BlackElo "2300"]
[Annotator "Bulletin"]
[PlyCount "121"]
[EventDate "1992.??.??"]
[EventType "swiss"]
[EventRounds "9"]
[EventCountry "GER"]
[SourceTitle "TD"]
[Source "ChessBase"]
[SourceDate "1994.03.01"]
[SourceVersion "1"]
[SourceVersionDate "1994.03.01"]
[SourceQuality "1"]

1. e4 c5 2. Nf3 Nc6 3. d3 g6 4. g3 Bg7 5. Bg2 e5 6. O-O Nge7 7. c3 d5 8. Nbd2
O-O 9. Qb3 d4 10. Nc4 Na5 11. Nxa5 Qxa5 12. cxd4 cxd4 13. Bd2 Qa6 14. Bb4 Be6
15. Qd1 Rfe8 16. Ng5 Nc6 17. Nxe6 Rxe6 18. Be1 Nd8 19. h4 Rc6 20. Bh3 Qb6 21.
b4 Qc7 22. f4 b5 23. Bd2 a6 24. f5 Qe7 25. Rc1 Rxc1 26. Qxc1 Ra7 27. Qc8 f6 28.
Rc1 Bf8 29. g4 gxf5 30. gxf5 Qd6 31. Kf2 Rg7 32. Bf1 Kh8 33. Be2 Rg8 34. Bd1
Rg7 35. Bb3 Ra7 36. h5 h6 37. Bd5 Kh7 38. Qc2 Rg7 39. a4 Qd7 40. Qc8 Qe8 41.
Rh1 bxa4 42. Qxa6 {[#]} Qe7 $6 (42... Be7) 43. Qxa4 Nf7 44. b5 Ng5 45. b6 Qc5
46. b7 Bd6 47. Ke2 Qb6 48. Qc6 Qb2 $2 (48... Qxc6 49. Bxc6 Nf7 $16) 49. Qxd6
Nh3 50. Qb4 (50. b8=Q $2 Rg2+ 51. Kf3 Ng5+ 52. Kxg2 Qxd2+ 53. Kf1 Qd1+ $10)
50... Nf4+ 51. Kd1 (51. Kf3 $142) 51... Qa1+ 52. Kc2 Rc7+ 53. Kb3 Qxh1 54. b8=Q
$6 (54. Bg8+ $1 Kg7 55. b8=Q Qb1+ 56. Ka4 Qc2+ 57. Bb3 $18) 54... Nxd5 55.
Qxc7+ Nxc7 56. Qe7+ Kg8 57. Qd8+ Kg7 58. Qxc7+ Kg8 59. Qd8+ Kg7 60. Qe7+ Kg8
61. Qe6+ 1-0

[Event "World U20-ch22"]
[Site "Belfort"]
[Date "1983.08.13"]
[Round "2"]
[White "D'Amore, Carlo"]
[Black "Condie, Mark L"]
[Result "1/2-1/2"]
[WhiteElo "2305"]
[BlackElo "2345"]
[Annotator "Bulletin/Primel,D"]
[PlyCount "55"]
[EventDate "1983.08.12"]
[EventType "swiss"]
[EventRounds "13"]
[EventCountry "FRA"]
[SourceTitle "EXT 2016"]
[Source "ChessBase"]
[SourceDate "2015.10.08"]
[SourceVersion "1"]
[SourceVersionDate "2015.10.08"]
[SourceQuality "1"]
[TimeControl "40/9000:16/5400:0"]

1. Nf3 d5 2. g3 Nf6 3. Bg2 c6 4. d3 Bg4 5. Nbd2 (5. O-O) 5... e6 (5... Nbd7 6.
O-O e5) 6. O-O Be7 7. c3 O-O 8. Qc2 a5 9. a4 Nbd7 10. e4 Nc5 11. Ne5 (11. b4
axb4 12. cxb4 Na6 13. b5 Nb4 $17) 11... Bh5 12. Re1 Qb6 13. exd5 cxd5 14. d4
Ncd7 15. Ndf3 Nxe5 16. Nxe5 Rfe8 17. Qd3 Ng4 18. Nd7 Qc7 19. Qb5 Red8 20. Nc5
b6 21. Bf4 Bd6 22. Nd3 Bg6 23. Bxd6 Rxd6 24. Nf4 Nf6 25. c4 Be4 26. Bxe4 dxe4
27. d5 exd5 28. Nxd5 1/2-1/2

[Event "WchT (Women) 4th"]
[Site "Astana"]
[Date "2013.03.03"]
[Round "1.1"]
[White "Foisor, Cristina Adela B"]
[Black "Gunina, Valentina"]
[Result "0-1"]
[WhiteElo "2401"]
[BlackElo "2505"]
[Annotator "CB"]
[PlyCount "82"]
[EventDate "2013.03.03"]
[EventType "team-tourn"]
[EventRounds "9"]
[EventCountry "KAZ"]
[SourceTitle "CBM 153 Extra"]
[Source "ChessBase"]
[SourceDate "2013.04.22"]
[SourceVersion "1"]
[SourceVersionDate "2013.04.22"]
[SourceQuality "1"]
[WhiteTeam "Romania (W)"]
[BlackTeam "Russia (W)"]
[WhiteTeamCountry "ROU"]
[BlackTeamCountry "RUS"]

1. Nf3 d5 2. g3 c6 3. Bg2 Bg4 {Die Läuferentwicklung in Verbindung mit dem
Aufbau mit d5 und c6 gilt als besonders solide gegen den Königsindischen
Angriff.} ({Gut ist auch} 3... Bf5) 4. d3 e6 5. Nbd2 (5. O-O Nf6 6. Nbd2 Be7 7.
h3 Bh5 8. g4 Bg6 9. Nh4 Nbd7 10. e3 Bd6 11. f4 Ng8 12. Qe1 Ne7 13. e4 dxe4 14.
f5 exf5 15. gxf5 Bh5 16. Nxe4 Nf6 17. Nxd6+ Qxd6 18. Bf4 Qd7 19. Qg3 O-O-O 20.
Be5 Ne8 21. Qf2 f6 22. Bg3 Qd4 23. Rae1 Qxf2+ 24. Bxf2 Rd7 25. Bxa7 Nd6 26. Bc5
Kc7 27. Rf4 Ndc8 28. a4 b6 29. Bf2 Re8 30. Rfe4 Kd8 31. Rc4 Rc7 32. b4 Bf7 33.
Rd4+ Rd7 34. Rxd7+ Kxd7 35. c4 b5 36. cxb5 cxb5 37. axb5 Bd5 38. b6 Bxg2 39.
Kxg2 Nd6 40. Bc5 Rb8 41. Ra1 Nec8 42. Ra6 Rb7 43. Nf3 Nxf5 44. Nd2 Nfe7 45. Ra7
Nxa7 46. bxa7 Rxa7 47. Bxa7 Nd5 48. Bc5 Nf4+ 49. Kf3 Nxd3 50. Ke4 Ne5 51. b5
Nf7 52. Kd5 Ng5 53. b6 {1-0 (53) Nakamura,H (2760)-Morozevich,A (2748) Beijing
2012}) 5... Nd7 6. h3 ({Häufiger sieht man gleich} 6. O-O {z.B.:} Bd6 7. e4
Ne7 8. h3 Bh5 9. d4 O-O 10. c3 a5 11. a4 Qb6 12. Re1 Rad8 13. Qc2 c5 14. exd5
exd5 15. Nb3 Nc6 16. Be3 c4 17. Nbd2 Qc7 18. b3 cxb3 19. Qxb3 Nf6 20. Bg5 Be7
21. Rab1 Rb8 22. Nh4 Qd7 23. Bxf6 Bxf6 24. Qxd5 Qxd5 25. Bxd5 Rfc8 26. Nf5 Bg6
27. Be4 Rc7 28. Nd6 Na7 29. Rb3 Be7 30. Nf5 Bf8 31. Ne3 b5 32. Bxg6 hxg6 33.
Reb1 b4 34. c4 Nc6 35. Nf3 Rd8 36. Rd1 Re7 37. Rbd3 Re4 38. c5 Nb8 39. Ng5 Re7
40. d5 Re5 41. Nf3 Rxe3 42. fxe3 Bxc5 43. Ne5 Re8 44. Nc4 Nd7 45. Nxa5 Ra8 46.
Nb3 Rxa4 47. Nxc5 Nxc5 48. Rd4 Kf8 49. Rc4 Nd7 50. d6 f6 51. Rc7 Ke8 52. Rd4
Ra1+ 53. Kf2 b3 54. Rb7 Ra2+ 55. Ke1 b2 56. Kd1 Ne5 57. Kc2 Nc6 58. Rh4 {
1-0 (58) Nakamura,H (2760)-Fressinet,L (2700) Beijing 2012}) 6... Bh5 7. a4 {
Der Zug verleiht der Partie eine eigenständige Note.} ({Üblich ist} 7. O-O)
7... Bd6 8. O-O Ne7 9. Qe1 {Weiß bereitet e4 vor.} O-O 10. e4 Qc7 11. Nd4 {
Diesen Zug hat man in ähnlicher Stellung schon gesehen.} (11. d4 f6 12. b3
Rae8 13. Bb2 Bb4 14. c3 Bd6 15. Rc1 e5 16. c4 exd4 17. Nxd4 Nc5 18. Qe3 Qd7 19.
Rfe1 Bg6 20. cxd5 Nxd5 21. Qf3 Nb4 22. Re3 Be5 23. Nc4 Bxd4 24. Bxd4 Qxd4 25.
Rd1 Ncd3 26. Rdxd3 Nxd3 27. Rxd3 Qxe4 28. Qxe4 Bxe4 29. Bxe4 Rxe4 30. Rd7 b5
31. axb5 cxb5 32. Nd6 Rd4 33. Rxg7+ Kxg7 34. Nf5+ Kf7 35. Nxd4 a6 36. Nc6 Ke6
37. Kg2 {0-1 (37) McNab,C (2390)-Motwani,P (2470) Blackpool 1990}) 11... Rae8
12. N2b3 Bg6 13. Bd2 e5 14. Ne2 {Die weißen Springer stehen sich selbts im
Weg herum.} f5 {Schwarz ist gut entwickelt und geht schon zum Angriff über.}
15. exd5 Nxd5 ({Weniger gut wäre} 15... cxd5 {wegen} 16. Nc3) 16. Nc3 Nxc3 17.
Bxc3 f4 18. Be4 Bxe4 19. Qxe4 Nf6 20. Qc4+ Kh8 {Für Schwarz kommt schon f4-f3
und Dd7-h3 in Sicht.} 21. Nd2 ({Oder} 21. Kg2 e4 22. Bxf6 Rxf6 23. dxe4 fxg3 ({
Nicht schlecht ist auch} 23... f3+ 24. Kh2 Qc8 25. Rfd1 Rh6 26. Qf1 Rxe4 27.
Rd4 Re5 $17) 24. fxg3 Bxg3 {und es wird luftig um den weißen König.}) 21...
Qd7 22. Kh2 (22. g4 Nxg4) 22... b5 23. axb5 cxb5 24. Qb3 b4 {Nachdem der
weiße Königsflügel eigentlich nur noch auf den Gnadenstoß wartet, macht
Gunina nun am Damenflügel ein neues Fass auf.} ({Logisch war} 24... e4 {
zum Beispiel} 25. Bxf6 (25. Nxe4 Nxe4 26. dxe4 Rxe4 $19) (25. Rae1 fxg3+ 26.
fxg3 e3 $19) 25... Rxf6 26. Nxe4 fxg3+ 27. fxg3 Rh6 28. h4 $6 (28. Nf2 Bxg3+
$19) 28... Rxh4+ 29. Kg2 Qh3+ $19) 25. Bxb4 Rb8 26. c3 a5 27. Rxa5 fxg3+ 28.
fxg3 e4 29. Qc4 ({Besser war} 29. Qc2 Bxb4 30. cxb4 exd3 31. Qc3 {und die
Geschichte dieser Partie ist noch lange nicht zu Ende.}) 29... Rfc8 ({Besser
war} 29... e3 30. Nf3 Rbc8 $17) 30. Bxd6 ({Mit} 30. Rxf6 $5 {könnte man auch
noch etwas Verwirrung stiften} gxf6 (30... Rxc4 $2 31. Rxd6 Qf7 32. Nxc4 Qf2+
33. Kh1 Qf1+ {Schwarz muss Dauerschach geben.}) 31. Qxe4 {aber} Bxb4 32. cxb4
Rc2 33. Qf4 Rf8 34. Rc5 Rxb2 35. Rc4 Qxd3 36. Rd4 Qe2+ 37. Kh1 Qe5 $19) 30...
Qxd6 ({Nicht} 30... Rxc4 31. Nxc4 {mit unklarer Situation.}) (30... Rxb2 $5)
31. Ra6 Qd8 32. Qf7 {Weiß hat jetzt doch noch Gegenspiel bekommen. Es droht
Ta7 und nach Damentausch ist das Endspiel für Weiß besser.} Rc7 33. Qa2 $2 {
Wirft die Partie weg.} (33. Qe6 {hätte Schwarz in Verlgenheit gebracht. Es
droht dann Td6 und Weiß hat alles unter Kontrolle.}) 33... Qxd3 34. b4 e3 35.
Ra8 Rcc8 36. Rxb8 Rxb8 37. Qa7 Qxd2+ 38. Kg1 Re8 39. Qd4 Qxd4 40. cxd4 Nd5 41.
b5 Nb4 0-1

[Event "WchT (Women) 4th"]
[Site "Astana"]
[Date "2013.03.11"]
[Round "8.2"]
[White "Krush, Irina"]
[Black "Ushenina, Anna"]
[Result "1-0"]
[WhiteElo "2448"]
[BlackElo "2477"]
[Annotator "CB"]
[PlyCount "81"]
[EventDate "2013.03.03"]
[EventType "team-tourn"]
[EventRounds "9"]
[EventCountry "KAZ"]
[SourceTitle "CBM 153 Extra"]
[Source "ChessBase"]
[SourceDate "2013.04.22"]
[SourceVersion "1"]
[SourceVersionDate "2013.04.22"]
[SourceQuality "1"]
[WhiteTeam "US of America (W)"]
[BlackTeam "Ukraine (W)"]
[WhiteTeamCountry "USA"]
[BlackTeamCountry "UKR"]

1. Nf3 d5 2. g3 c6 3. Bg2 Bg4 4. d3 Nd7 ({Beliebter ist der Aufbau mit} 4...
Nf6 5. O-O Nbd7) 5. h3 Bh5 6. Nbd2 e6 7. O-O Bd6 8. b3 Ne7 9. Bb2 O-O 10. Qe1
e5 11. e4 Re8 12. Nh4 f6 (12... Qc7 13. Bf3 Bxf3 14. Nhxf3 Rad8 15. Kg2 {
1/2-1/2 (15) Sakaev,K (2648)-Ivanov,S (2538) Vrnjacka Banja 1999}) 13. f4 Qc7
14. g4 Bf7 15. f5 {Weiß hat jetzt eigentlich mit vertauschten eine für die
Königsindische Verteidigung sehr typische Angriffstellung erreicht. Im
Unterschied zum Königsinder ist das Zentrum hier aber nicht abgeschlossen und
das sollte Schwarz auch weiter vermeiden.} h6 16. Nhf3 Bc5+ 17. Kh1 Qb6 18. h4
{Weiß strebt g4-g5 an, da ja auch der e5 hängt, falls der f-Bauer auf g5 nimmt.
} Be3 19. g5 Bh5 (19... hxg5 20. hxg5 fxg5 21. Nxe5 Nxe5 22. Bxe5 dxe4 23. Nxe4
Nd5 {ist allerdings durchaus spielbar.} 24. Bb2 Bd4 25. Bxd4 $11) 20. gxf6 (20.
gxh6 Bxh6 {gefiel nicht.}) 20... gxf6 21. Ng1 Kh7 22. Bc1 Bd4 23. Rb1 dxe4 24.
dxe4 Ng8 {Das ist recht passiv.} (24... Qa5 $5) (24... Bc3 $5) 25. Ne2 Bc5 26.
Nc4 Qc7 27. b4 Bf8 28. a3 Bf7 29. Ne3 {Weiß hat die schwarzen Kräfte
zurückgeschlagen und die Initiative übernommen.} a5 30. Rg1 axb4 31. axb4 Re7
32. Bf3 Be8 33. Ng3 Rg7 34. Bh5 {Das Feld h5 soll für den Springer frei
gekämpft werden. Den Plan hatte Weiß schon mit 21. Sg1 eingeleitet.} Qd8 35.
Bd2 Qe7 36. Qe2 b5 37. Rg2 Nb6 38. Rbg1 Ra7 $2 ({Nötig war} 38... Kh8 {Warum
der König auf h8 stehen muss, statt auf h7, erhellt sich aus der
Schlussanmerkung.} 39. Bxe8 Qxe8 40. Nh5 Rxg2 41. Qxg2 Qf7 {mit weißem Vorteil.
}) 39. Bxe8 ({Oder} 39. Bg6+ Kh8 40. Nh5 $18) 39... Qxe8 40. Nh5 {Angekommen!}
Rxg2 41. Qxg2 ({Die hübsche Pointe ist} 41. Qxg2 Qf7 42. Qxg8+ Qxg8 43. Nxf6+
Kh8 44. Rxg8#) 1-0

[Event "Bundesliga 1516"]
[Site "Germany"]
[Date "2016.04.09"]
[Round "12.7"]
[White "Rapport, Richard"]
[Black "Gajewski, Grzegorz"]
[Result "1-0"]
[WhiteElo "2649"]
[BlackElo "2646"]
[Annotator "CB"]
[PlyCount "69"]
[EventDate "2015.09.18"]
[EventType "team-tourn"]
[EventRounds "15"]
[EventCountry "GER"]
[SourceTitle "CBM 172"]
[Source "ChessBase"]
[SourceDate "2016.05.12"]
[SourceVersion "1"]
[SourceVersionDate "2016.05.12"]
[SourceQuality "1"]
[WhiteTeam "Solingen"]
[BlackTeam "Dresden TU"]
[WhiteTeamCountry "GER"]
[BlackTeamCountry "GER"]

1. Nf3 d5 2. g3 Nf6 3. Bg2 e6 4. O-O Be7 5. d3 O-O 6. Nbd2 a5 {Aronians Zug,
zuletzt im Kandidatenturnier gespielt.} 7. e4 a4 8. Re1 (8. a3 c5 9. Re1 Nc6
10. h4 dxe4 11. Nxe4 Nxe4 12. Rxe4 b5 13. Ng5 Ra6 14. Qh5 h6 15. Nf3 f5 16. Re1
Bd7 17. Ne5 Nxe5 18. Rxe5 Bd6 19. Re1 Qf6 20. Rb1 f4 21. Bxf4 Bxf4 22. gxf4
Qxf4 23. Qxc5 Rf5 24. Qe3 Qxh4 25. Qg3 Qh5 26. Qc7 Qf7 27. Qb7 Rd6 28. Qb8+ Qf8
29. Qxf8+ Kxf8 30. Re3 Bc6 31. Rbe1 {1/2-1/2 (31) Karjakin,S (2760)-Aronian,L 
(2786) Moscow 2016}) 8... a3 9. e5 axb2 10. Bxb2 Nfd7 11. Nd4 Nc5 12. N2b3 Nbd7
13. Bc3 Ra6 14. h4 Na4 15. Bd2 c5 16. Nb5 f6 17. exf6 Bxf6 18. Rb1 Ne5 19. Qe2
c4 20. f4 Nxd3 ({Wenn Schwarz erst} 20... Qb6+ {spielt, hat Weiß die
Möglichkeit d3-d4 nicht zur Verfügung.} 21. Kh2 (21. N3d4 Nxd3 22. cxd3 Bxd4+
23. Nxd4 Qxd4+ 24. Be3 Qxd3 25. Qxd3 cxd3 $13 {Schwarz hat Material gewonnen,
aber Weiß steht aktiv und hat das Läuferpaar.}) 21... Nxd3 22. cxd3 Qxb5 23.
dxc4 dxc4 24. Nd4 Qd7 {mit schwarzem Mehrbauern.}) 21. cxd3 cxb3 (21... Qb6+
22. Be3 Qxb5 23. Nc5 Qc6 24. Nxa6 Qxa6 {mit dynamischem Gleichgewicht.}) 22.
axb3 Qb6+ $2 {Nun falsch wegen} ({Spielbar war} 22... Nc5 23. Rec1 Qb6) 23. d4
{Sb5 ist gedeckt, Sa4 hat kein Rückzugfeld. Schwarz verliert eine Figur. Die
Partie ist entschieden.} Nb2 24. Rxb2 Bd7 25. Nc3 Qxd4+ 26. Kh2 Rc8 27. Rc2
Rac6 28. Nb5 Qb6 29. Rxc6 bxc6 30. Nd6 Ra8 31. Bh3 h6 32. Bxe6+ Bxe6 33. Qxe6+
Kh7 34. Qf5+ Kg8 35. Kh3 1-0

[Event "FIDE-Wch k.o."]
[Site "Tripoli"]
[Date "2004.06.22"]
[Round "2.3"]
[White "Anastasian, Ashot"]
[Black "Neelotpal, Das"]
[Result "1-0"]
[WhiteElo "2587"]
[BlackElo "2457"]
[Annotator "CB"]
[PlyCount "201"]
[EventDate "2004.06.19"]
[EventType "k.o."]
[EventRounds "7"]
[EventCountry "LBY"]
[SourceTitle "CBM 102"]
[Source "ChessBase"]
[SourceDate "2004.09.23"]
[SourceVersion "1"]
[SourceVersionDate "2004.09.23"]
[SourceQuality "1"]

1. Nf3 d5 2. g3 Bg4 3. Bg2 Nd7 4. c4 e6 5. cxd5 exd5 6. O-O Ngf6 7. d3 Bc5 8.
Qc2 O-O 9. Nc3 c6 10. h3 Bxf3 11. Bxf3 d4 ({RR} 11... Re8 12. Bg2 Rc8 13. a3
Qe7 14. Bd2 Bb6 15. Rae1 Nc5 16. e3 Ne6 17. Ne2 Qd7 18. Kh2 a5 {Anastasian,
A-Avrukh,B/Istanbul 2003/CBM 96/1-0 (32)}) 12. Ne4 Nxe4 13. Bxe4 Re8 14. Bd2 a5
15. a3 Qe7 16. Kg2 g6 17. Rab1 a4 18. Rfc1 Bd6 19. Qc4 Nc5 20. Bf3 Nb3 21. Rd1
Nxd2 22. Rxd2 Qe5 23. b3 axb3 24. Rxb3 Re7 25. Rdb2 Ra7 26. h4 $2 Bxa3 27. Ra2
Bc5 28. Rxa7 Bxa7 29. Ra3 {Um uber a8 einzudringen, hat Weis einen Bauern
gegeben. Er wird feststellen, dass auf a8 nichts los ist. Der Turm lauft ins
Leere.} Bb8 30. Ra8 Kg7 31. Qb3 Bd6 32. Ra7 Qb5 33. Qa2 h5 34. Ra8 Qc5 35. Rd8
Rc7 $2 {Verliert die Grundreihe und die Kontrolle uber h8. Anastasian spielt
Reversi. Er macht die Reihe zu.} 36. Qa8 $13 Qe5 37. Rh8 Qe7 38. Qg8+ Kf6 39.
Be4 Rd7 40. Qc8 Rc7 41. Qa8 Kg7 42. Qg8+ Kf6 43. Qh7 Ke6 44. Rg8 Be5 45. Ra8
Bf6 46. Qg8 Kd7 47. Rb8 $2 (47. Rf8 $16) 47... b5 48. Rb6 Rc8 49. Rb7+ Rc7 50.
Rb8 Kd6 $2 {Gibt die Kontrolle uber e8 auf.} (50... Qe6) 51. Ra8 $2 {Nutzt es
nicht aus.} (51. Re8 $142 {'>='} Qd7 52. Qf8+ Be7 53. Qxf7 $16 {'->'}) 51...
Kd7 52. Qb8 b4 $4 {Verliert die Orientierung.} (52... Qd8 $15 {Schwarz hat
nichts zu furchten, so lange er die Grundreihe kontrolliert.}) 53. Ra4 (53.
Bxc6+ $1 Kxc6 54. Ra6+ Kd7 55. Qb5+ Kd8 56. Ra8+ Rc8 57. Qb6+ Kd7 58. Qb7+ Rc7
59. Qb5+ Ke6 60. Ra6+ $18) 53... Qd8 54. Qxb4 c5 55. Qb6 Ke7 56. Ra8 Rc8 57.
Qb7+ Rc7 58. Qa6 Qd6 59. Qb5 (59. Re8+ $1 Kd7 60. Qb5+ $18) 59... Rd7 60. Ra6
Qe5 61. Ra8 Qd6 62. Rc8 Rd8 63. Rxc5 (63. Rc6 $1 Rb8 64. Qa6 $18) 63... Kf8 64.
Rc6 Qe7 65. Qc4 Kg7 66. Rc7 Rd7 67. Rc5 Rd8 68. Bf3 Rd7 69. Rc6 Rd6 70. Rc5 Rd8
71. Qb5 Rb8 72. Qa5 Rd8 73. Qb5 Rb8 74. Qc4 Rd8 75. Rb5 Rd7 76. Qa4 Ra7 77. Qb3
Rd7 78. Rb8 Rd8 79. Rb6 Rd6 80. Rb5 Rd7 81. Qc4 Rc7 82. Qb4 Qxb4 83. Rxb4 Rd7
84. Rb5 Be7 85. Bd5 f5 86. Kf3 Rc7 87. Bc4 Bf6 88. Rb6 Rd7 89. Ra6 Be5 90. e4
fxe4+ 91. Kxe4 Bf6 92. Kf3 Be5 93. Ra5 Bf6 94. Bd5 Kh6 95. Be4 Rf7 96. Kg2 g5
97. hxg5+ Bxg5 98. Rd5 Bf6 99. f4 Ra7 100. Kf3 $16 {'|^' Schwarz ist fast
niedergeknetet, jetzt bricht er ein. Schach ist manchmal grausam.} Ra1 $4 101.
Rd7 (101. Rd7 Bg7 102. Rd6+) 1-0

[Event "ENG-ch m"]
[Site "England"]
[Date "1991.??.??"]
[Round "1"]
[White "Hodgson, Julian M"]
[Black "Short, Nigel D"]
[Result "1/2-1/2"]
[WhiteElo "2570"]
[BlackElo "2660"]
[Annotator "Chandler,M"]
[PlyCount "89"]
[EventDate "1991.12.??"]
[EventType "k.o."]
[EventRounds "3"]
[EventCountry "ENG"]
[SourceTitle "CBM 028"]
[Source "ChessBase"]
[SourceDate "1992.06.01"]
[SourceVersion "1"]
[SourceVersionDate "1992.06.01"]
[SourceQuality "1"]

1. Nf3 d5 2. g3 Nc6 3. Bg2 e5 4. d3 Nf6 5. O-O Be7 6. c4 O-O 7. cxd5 Nxd5 8. a3
Be6 9. b4 $6 Bf6 $1 10. Bb2 e4 11. Bxf6 Qxf6 12. dxe4 Ne3 {Completely
overlooked by Hodgson.} 13. fxe3 Qxa1 {I've never seen Short fail to
capitalise on such an advantage. I've also never seen a middlegame comeback
like the one Julian now produces.} 14. b5 Ne5 15. Qc2 Nc4 16. Qc1 Rad8 17. Kf2
$1 Rd7 18. Nc3 Qxc1 19. Rxc1 Rfd8 20. a4 c6 21. h3 Na5 22. e5 c5 23. g4 b6 24.
g5 Kf8 25. h4 {None of the spectators could understand this plan of pushing
the K-side pawns. Even Short, after writing down the move, was ostentatiously
analysing only on the queen's wing!} Nb3 26. Rh1 Nd2 27. h5 Nxf3 28. Bxf3 Rd2
29. h6 Rc2 30. Ne4 Ra2 31. hxg7+ Kxg7 32. Nf6 Rh8 $2 {Black could have
improved earlier, but making this rook passive is a serious error.} (32... Bf5
{Natural and correct.}) 33. Nh5+ Kf8 34. Nf4 $1 Rg8 $2 35. Rxh7 Rxa4 36. g6 {
/\ 37.Ne6 fe6 38.Rf7 Ke8 39.Bc6 Kd8 40.g7 /\ 41.Rf8} Rxg6 {A bitter concession.
} 37. Nxg6+ fxg6 38. Bc6 c4 39. e4 c3 40. Bd5 c2 $2 {Although material is
level, black is suffering in this endgame. His king is cut off on the back
rank, and the three-pawn centre is remarkably useful for white.} (40... Bxd5 $1
{Yet I cannot see a win for White.} 41. exd5 Rc4 42. d6 c2 43. d7 Rd4 44. e6
c1=Q 45. e7+ Kg8 46. e8=Q+ Kxh7) 41. Rc7 Bd7 42. Rxc2 Ke7 43. Rc7 Kd8 44. Rb7
Kc8 45. Bc6 $2 {Finding it hard to mentally adjust to playing for a win, Jules
forces the draw.} (45. Bc6 $2 $10 Bxc6 46. bxc6 Rxe4 47. Rxa7) (45. Ke3 $1 {
With this move White could have maintained very dangerous prospects.} g5 46.
Bc6 Bxc6 47. bxc6 Rc4 48. e6 Rxc6 49. e7 Re6 50. Rxa7 $18) 1/2-1/2